| 000 | 00463nam a2200133Ia 4500 | ||
|---|---|---|---|
| 008 | 170221s9999 xx 000 0 und d | ||
| 100 | _aEmmanuel I. Akpan | ||
| 245 | _aEntrepreneurship Education Policy: An Intervention Strategy For Economic Development In Nigeria | ||
| 245 | _cEmmanuel I. Akpan, Sunday A. Effiong, Augustine A. Ele | ||
| 260 | _c2013 | ||
| 300 | _a12 : | ||
| 650 | _xBusiness | ||
| 856 | _uhttp://www.scienpress.com/Upload/BEJ/Vol%201_1_6.pdf | ||
| 999 |
_c313309 _d313309 |
||